Optical communication receiver design / (Record no. 176005)
[ view plain ]
| 000 -LEADER | |
|---|---|
| fixed length control field | 00923 a2200241 4500 |
| 003 - CONTROL NUMBER IDENTIFIER | |
| control field | Nust |
| 005 - DATE AND TIME OF LATEST TRANSACTION | |
| control field | 20170207152515.0 |
| 010 ## - LIBRARY OF CONGRESS CONTROL NUMBER | |
| LC control number | 95046526 |
| 020 ## - INTERNATIONAL STANDARD BOOK NUMBER | |
| International Standard Book Number | 0819420239 (pbk.) |
| 040 ## - CATALOGING SOURCE | |
| Transcribing agency | Nust |
| 082 00 - DEWEY DECIMAL CLASSIFICATION NUMBER | |
| Classification number | 621.38275 |
| 100 1# - MAIN ENTRY--PERSONAL NAME | |
| Personal name | Alexander, Stephen B. |
| 245 10 - TITLE STATEMENT | |
| Title | Optical communication receiver design / |
| Statement of responsibility, etc. | Stephen B. Alexander. |
| 260 ## - PUBLICATION, DISTRIBUTION, ETC. | |
| Place of publication, distribution, etc. | Bellingham, Wash., USA : |
| Name of publisher, distributor, etc. | SPIE Optical Engineering Press ; |
| Place of publication, distribution, etc. | London, UK : |
| Name of publisher, distributor, etc. | Institution of Electrical Engineers, |
| Date of publication, distribution, etc. | c1997. |
| 300 ## - PHYSICAL DESCRIPTION | |
| Extent | xix, 314 p. : |
| Other physical details | ill. ; |
| Dimensions | 26 cm. |
| 490 1# - SERIES STATEMENT | |
| Series statement | IEE telecommunications series ; |
| Volume/sequential designation | v. 37 |
| 490 1# - SERIES STATEMENT | |
| Series statement | SPIE tutorial texts in optical engineering ; |
| Volume/sequential designation | v. TT 22 |
| 650 #0 - SUBJECT ADDED ENTRY--TOPICAL TERM | |
| Topical term or geographic name entry element | Optical communications |
| General subdivision | Equipment and supplies. |
| 650 #0 - SUBJECT ADDED ENTRY--TOPICAL TERM | |
| Topical term or geographic name entry element | Optical detectors |
| General subdivision | Design and construction. |
| 650 #0 - SUBJECT ADDED ENTRY--TOPICAL TERM | |
| Topical term or geographic name entry element | Optoelectronic devices |
| General subdivision | Design and construction. |
| 830 #0 - SERIES ADDED ENTRY--UNIFORM TITLE | |
| Uniform title | IEE telecommunications series ; |
| 830 #0 - SERIES ADDED ENTRY--UNIFORM TITLE | |
| Uniform title | Tutorial texts in optical engineering ; |
| 942 ## - ADDED ENTRY ELEMENTS (KOHA) | |
| Source of classification or shelving scheme | |
| Koha item type | Book |
| Withdrawn status | Lost status | Source of classification or shelving scheme | Damaged status | Not for loan | Collection code | Permanent Location | Current Location | Date acquired | Total Checkouts | Full call number | Barcode | Date last seen | Price effective from | Koha item type |
|---|---|---|---|---|---|---|---|---|---|---|---|---|---|---|
| Military College of Signals (MCS) | Military College of Signals (MCS) | 12/12/2016 | 621.38275 ALE | MCS27720 | 12/08/2016 | 12/12/2016 | Book |
